Statistics for Name All K-12 Songs (By Melanie Martinez)

Click here to take the quiz!

General Stats

  • This quiz has been taken 1,186 times
  • The average score is 11 of 13

Answer Stats

K-12Song Names% Correct
1Wheels on the Bus
96%
9Orange Juice
93%
2Class Fight
91%
8Lunchbox Friends
90%
5Nurse's Office
88%
3The Principal
87%
13Recess
86%
7Strawberry Shortcake
86%
11Teacher's Pet
86%
10Detention
85%
6Drama Club
85%
12High School Sweethearts
85%
4Show and Tell
83%

Score Distribution

Percentile by Number Answered

Percent of People with Each Score

Your Score History

You have not taken this quiz